Obce okresu Pardubice - Statistics

General Stats
  • This quiz has been taken 70 times
  • The average score is 23 of 112
Answer Stats
Počet obyvatel Odpověď % Correct
92 362 Pardubice
96%
10 137 Přelouč
79%
6 767 Holice
71%
4 350 Sezemice
68%
3 494 Lázně Bohdaneč
64%
2 837 Opatovice nad Labem
64%
2 642 Dašice
61%
2 927 Chvaletice
50%
586 Ráby
50%
2 124 Horní Jelení
46%
2 116 Dolní Roveň
43%
1 861 Moravany
43%
2 053 Staré Hradiště
43%
447 Kunětice
39%
1 374 Mikulovice
39%
259 Jaroslav
36%
965 Rokytno
36%
1 461 Rybitví
36%
1 745 Srch
36%
370 Stéblová
36%
516 Valy
36%
1 137 Břehy
32%
230 Časy
32%
1 181 Čeperka
32%
1 244 Choltice
32%
269 Hrobice
32%
839 Němčice
32%
1 672 Býšť
29%
474 Čepí
29%
665 Libišany
29%
1 122 Ostřešany
29%
642 Rohovládova Bělá
29%
942 Starý Mateřov
29%
240 Bukovina nad Labem
25%
835 Chvojenec
25%
1 046 Dolní Ředice
25%
650 Dříteč
25%
1 070 Horní Ředice
25%
689 Kladruby nad Labem
25%
911 Ostřetín
21%
1 421 Řečany nad Labem
21%
514 Spojíl
21%
787 Srnojedy
21%
420 Staré Jesenčany
21%
434 Uhersko
21%
498 Veliny
21%
690 Zdechovice
21%
463 Kojice
18%
574 Kostěnice
18%
618 Semín
18%
728 Staré Ždánice
18%
384 Voleč
18%
457 Vysoké Chvojno
18%
1 013 Živanice
18%
424 Bukovka
14%
698 Černá u Bohdanče
14%
357 Choteč
14%
440 Dolany
14%
345 Jankovice
14%
389 Jezbořice
14%
289 Sopřeč
14%
335 Barchov
11%
342 Bezděkov
11%
279 Borek
11%
331 Dubany
11%
242 Jeníkovice
11%
294 Křičeň
11%
117 Pravy
11%
267 Rohoznice
11%
136 Selmice
11%
474 Slepotice
11%
256 Třebosice
11%
334 Úhřetická Lhota
11%
330 Vlčí Habřina
11%
259 Vyšehněvice
11%
118 Žáravice
11%
228 Brloh
7%
207 Chýšť
7%
268 Hlavečník
7%
221 Kasalice
7%
441 Lipoltice
7%
103 Plch
7%
309 Poběžovice u Holic
7%
157 Podůlšany
7%
222 Přelovice
7%
362 Strašov
7%
220 Trnávka
7%
317 Turkovice
7%
236 Újezd u Přelouče
7%
253 Újezd u Sezemic
7%
128 Vápno
7%
87 Bukovina u Přelouče
4%
111 Chrtníky
4%
174 Jedousov
4%
313 Labské Chrčice
4%
163 Litošice
4%
135 Malé Výkleky
4%
94 Morašice
4%
212 Stojice
4%
573 Svinčany
4%
284 Svojšice
4%
168 Tetov
4%
221 Trusnov
4%
65 Urbanice
4%
396 Veselí
4%
62 Holotín
0%
171 Lány u Dašic
0%
168 Mokošín
0%
174 Neratov
0%
125 Poběžovice u Přeouče
0%
83 Přepychy
0%
129 Sovolusky
0%
No matching quizzes found
Score Distribution
Percent of People with Each Score
Percentile by Number Answered
Your Score History
You have not taken this quiz